| 000 | 00515cam a2200205ua 4500 | ||
|---|---|---|---|
| 001 | 7434 | ||
| 005 | 20260515114218.0 | ||
| 008 | 141210n ii |||gr||||Z||||||ben | ||
| 040 | _cMAIN | ||
| 041 | _aben | ||
| 082 | _a891.444 | ||
| 100 |
_aSastri, H.P., _eAuthor. |
||
| 245 | 1 |
_aPrachin Banglar Gourav _cBy Har Prasad Sastri |
|
| 250 | _a1st. | ||
| 260 |
_aKolkatta: _bBiswabharati, _c1963. |
||
| 300 | _a54p. | ||
| 653 | _aEast Indo-European & Celtic literatures | ||
| 653 | _aBengali literature | ||
| 942 | _cBK | ||
| 999 |
_c6552 _d6552 |
||